Gaming Quiz

Random Gaming or Video Games Quiz

Rated 99 in Madden 2011 Quiz Stats

 Plays Quiz Updated Nov 12, 2018

Score 0/6 Timer 02:30
6 Plays Today
Player % Correct
Peyton Manning
87.9%
Chris Johnson
75%
Drew Brees
71.4%
Darrelle Revis
37.8%
Patrick Willis
22.3%
Jared Allen
16.4%

You're not logged in!

Compare scores with friends on all Sporcle quizzes.
OR
Log In

Sporcle TV

Today on Sporcle TV


Watch our educational content, quiz creation guides, and fun videos on Sporcle TV.

Show Comments

Extras

Top Quizzes Today


Score Distribution

Your Account Isn't Verified!

In order to create a playlist on Sporcle, you need to verify the email address you used during registration. Go to your Sporcle Settings to finish the process.

Report this User

Report this user for behavior that violates our Community Guidelines.

Details: